000 00806nam a2200217 i 4500
001 135670
003 ES-MaACL
005 20250905154909.0
007 t|
008 070730s1940 sp ||||1| spa d
100 1 _aTorrente Ballester, Gonzalo,
_d1910-1999
_9110850
245 1 0 _aLope de Aguirre, el peregrino :
_bbiografía /
_cpor Gonzalo Torrente Ballester ; [il. de Esplandiu].
260 _a[Madrid :
_bVértice],
_c1940 (
_fSucs. de Rivadeneyra)
300 _a15 p. :
_bil. ;
_c28 cm.
490 1 _aSuplemento literario de "Vértice" ;
_vagosto 1940
600 1 7 _aAguirre, Lope de,
_dca. 1516-1561
_2
_9145052
700 1 _aEsplandiu, Juan.
_947932
830 1 _aSuplemento literario de "Vértice" ;
_vagosto 1940
_9181046
852 _aES-MaACL
_j1846-F-18
999 _c135670
_d135670